000 00198 a2200097 4500
001 4390
100 _aThomas,H,K
245 _aAutomobile engineering
260 _a
_bPitman
_c
090 _c3587
_d3587
942 _aNUST-CAE
_cM
_c28746
999 _c239463
_d239463